000 00347nam a22001457a 4500
008 250417b ||||| |||| 00| 0 eng d
020 _a9789951057509
041 _aSHQIP
080 _22023
_a82LIE
082 _282LIE
_a82LIE
100 _a01
101 _aGJUHE DHE LETERSI
245 _aLEXIMI I MENDJES
_cDAVID .J.LIEBERMAN
942 _2udc
_cBK
999 _c60651
_d60651